Jak na to metodika racionalizace práce vedoucího

Uložené v:
Podrobná bibliografia
Hlavný autor: Svatuška, Ladislav
Médium: Kniha
Jazyk:Czech
Vydavateľské údaje: Praha Svoboda 1971
Edícia:Racionalizace práce vedoucího
Tagy: Pridať tag
Žiadne tagy, Buďte prvý, kto otaguje tento záznam!

MARC

LEADER 00000nam a2200000 4500
001 c104662
005 20230105083744.2
041 0 |a cze 
044 |a CZ 
245 1 0 |a Jak na to  |b metodika racionalizace práce vedoucího  |c Ladislav Svatuška 
264 1 |a Praha  |b Svoboda  |c 1971 
300 |a 94 s. 
490 1 |a Racionalizace práce vedoucího 
830 0 |a Racionalizace práce vedoucího 
100 1 |a Svatuška, Ladislav